[Event "Perth Open 2019"]
[Site "Perth SCO"]
[Date "2019.02.09"]
[Round "2"]
[White "Dawson, Euan"]
[Black "Ridge, Michael"]
[Result "1/2-1/2"]
[WhiteElo "1762"]
[BlackElo "1886"]
[PlyCount "133"]
[EventDate "2019.02.08"]

1. e4 c5 2. Nc3 g6 3. g3 Bg7 4. Bg2 Nc6 5. Nge2 d6 6. O-O e6 7. d3 Nge7 8. Be3
Nd4 9. Nf4 O-O 10. Rb1 Rb8 11. Nce2 Qa5 12. a3 Bd7 13. g4 e5 14. Nxd4 cxd4 15.
Bd2 Qc7 16. Nh3 Qc8 17. f3 Nc6 18. Nf2 b5 19. g5 b4 20. axb4 Nxb4 21. c3 dxc3
22. bxc3 Nc6 23. Rxb8 Qxb8 24. Bh3 Bxh3 25. Nxh3 Qb5 26. Nf2 f5 27. gxf6 Bxf6
28. Bh6 Bg7 29. Bxg7 Kxg7 30. Ng4 Qc5+ 31. Kh1 Qxc3 32. Ne3 Nd4 33. Nd5 Qc2 34.
Qxc2 Nxc2 35. f4 Nd4 36. Ra1 Rf7 37. Ra6 exf4 38. Rxd6 f3 39. Ne3 Ne2 40. Ra6
Nf4 41. d4 Rc7 42. Ra1 Ne2 43. d5 Kf7 44. e5 Rc1+ 45. Rxc1 Nxc1 46. Nc4 Nd3 47.
h3 a5 48. e6+ Ke7 49. Nxa5 f2 50. Kg2 Nf4+ 51. Kxf2 Nxd5 52. Nc6+ Kxe6 53. Nd4+
Kf6 54. Kg3 h5 55. h4 Ne7 56. Nf3 Nf5+ 57. Kf4 Nxh4 58. Nxh4 g5+ 59. Kg3 gxh4+
60. Kxh4 Kg6 61. Kh3 Kg5 62. Kg3 h4+ 63. Kh2 Kg4 64. Kg2 h3+ 65. Kh2 Kh4 66.
Kh1 Kg3 67. Kg1 1/2-1/2

[Event "Perth Open 2019"]
[Site "Perth SCO"]
[Date "2019.02.09"]
[Round "2"]
[White "Emery, Keith"]
[Black "Carter, Richard"]
[Result "0-1"]
[WhiteElo "1874"]
[BlackElo "1829"]
[PlyCount "60"]
[EventDate "2019.02.08"]

1. e4 e6 2. Nf3 d5 3. exd5 exd5 4. d4 Bd6 5. h3 Bf5 6. Bd3 Qf6 7. O-O h6 8.
Bxf5 Qxf5 9. Qe2+ Ne7 10. Qb5+ Nbc6 11. c3 O-O-O 12. Nbd2 g5 13. Nh2 h5 14. Qe2
Rdg8 15. Qf3 Qg6 16. g3 f5 17. Re1 Kb8 18. Ndf1 g4 19. Qe2 h4 20. hxg4 hxg3 21.
fxg3 fxg4 22. Qe6 Qh5 23. Re2 Nf5 24. Qxd5 Nxg3 25. Re5 Bxe5 26. dxe5 Nxe5 27.
Qg2 Nxf1 28. Nxf1 Nf3+ 29. Kf2 Qf5 30. Qg3 Qc2+ 0-1

[Event "Perth Open 2019"]
[Site "Perth SCO"]
[Date "2019.02.09"]
[Round "2"]
[White "Kane, Robert"]
[Black "McPheator, Gary"]
[Result "1-0"]
[WhiteElo "1864"]
[BlackElo "1765"]
[PlyCount "33"]
[EventDate "2019.02.08"]

1. d4 e6 2. Bf4 Nf6 3. e3 d6 4. Nc3 Bd7 5. Bd3 Bc6 6. e4 Nbd7 7. Nf3 Be7 8. Qe2
b6 9. O-O h6 10. d5 Bb7 11. dxe6 fxe6 12. e5 Nd5 13. Bg6+ Kf8 14. Nxd5 Bxd5 15.
c4 dxe5 16. cxd5 exf4 17. Qxe6 1-0

[Event "Perth Open 2019"]
[Site "Perth SCO"]
[Date "2019.02.09"]
[Round "3"]
[White "Magnussen, Helge"]
[Black "Olson, Hamish"]
[Result "0-1"]
[WhiteElo "2045"]
[BlackElo "2284"]
[PlyCount "62"]
[EventDate "2019.02.08"]

1. d4 Na6 2. Nf3 c6 3. c4 Nf6 4. Nc3 d6 5. g3 Bg4 6. Bg2 e5 7. dxe5 Bxf3 8.
exf3 dxe5 9. O-O Qxd1 10. Rxd1 Nc5 11. Bg5 Be7 12. Re1 Nd3 13. Re3 Rd8 14. Bf1
Nc5 15. Rxe5 Ne6 16. Rae1 Nd7 17. Rf5 Bxg5 18. Rxg5 O-O 19. Ra5 a6 20. Bh3 Nd4
21. Re7 f5 22. Ne2 Nxe2+ 23. Rxe2 g6 24. g4 fxg4 25. Bxg4 Nf6 26. Bh3 Nh5 27.
Rae5 Nf4 28. Be6+ Kg7 29. R5e3 Rd1+ 30. Re1 Rxe1+ 31. Rxe1 Re8 0-1

[Event "Perth Open 2019"]
[Site "Perth SCO"]
[Date "2019.02.09"]
[Round "3"]
[White "Roberts, Paul"]
[Black "Orr, Mark J L"]
[Result "0-1"]
[WhiteElo "2142"]
[BlackElo "2084"]
[PlyCount "54"]
[EventDate "2019.02.08"]

1. Nf3 Nf6 2. c4 e6 3. g3 d5 4. d4 Be7 5. Bg2 O-O 6. O-O dxc4 7. Qc2 a6 8. Qxc4
b5 9. Qc2 Bb7 10. Bg5 Nbd7 11. Nbd2 c5 12. dxc5 Nxc5 13. Rfd1 Rc8 14. Rac1 Nce4
15. Qb1 Nxg5 16. Nxg5 Rxc1 17. Qxc1 Bxg2 18. Kxg2 Qa8+ 19. Ndf3 h6 20. Nh3 Rc8
21. Qf4 Rc4 22. Rd4 g5 23. Nhxg5 Rxd4 24. Qxd4 hxg5 25. h3 Qe4 26. Qa7 Nd5 27.
Qxa6 Qxe2 0-1

[Event "Perth Open 2019"]
[Site "Perth SCO"]
[Date "2019.02.09"]
[Round "3"]
[White "Birkett, Richard"]
[Black "Xian, Junhao"]
[Result "0-1"]
[WhiteElo "2025"]
[BlackElo "1970"]
[PlyCount "96"]
[EventDate "2019.02.08"]

1. f4 d5 2. Nf3 g6 3. e3 Bg7 4. Be2 Nf6 5. O-O O-O 6. d3 b6 7. Qe1 Bb7 8. Qh4
Nbd7 9. Nbd2 Re8 10. Ne5 Nxe5 11. fxe5 Nd7 12. d4 f6 13. Nf3 e6 14. Qg3 c5 15.
Bb5 Rf8 16. Bd2 fxe5 17. dxe5 Rxf3 18. Qxf3 Nxe5 19. Qh3 Qe7 20. Be2 Nf7 21. c3
Ng5 22. Qg3 e5 23. Bf3 e4 24. Be2 Be5 25. Qe1 Rd8 26. h4 Ne6 27. g3 Qc7 28. Kh2
Ng7 29. Bg4 h5 30. Bh3 Ba6 31. Rf4 Bxf4 32. gxf4 Bc8 33. Bxc8 Qxc8 34. Qg3 Qf5
35. Rg1 Kf7 36. Qf2 Qf6 37. Rg5 Nf5 38. Be1 Nh6 39. Qe2 Qe6 40. Bf2 Ng4+ 41.
Kg3 d4 42. exd4 e3 43. Be1 cxd4 44. cxd4 Rxd4 45. Bc3 Rd7 46. Qf3 e2 47. Qh1
Rd3+ 48. Kg2 Qe4+ 0-1

[Event "Perth Open 2019"]
[Site "Perth SCO"]
[Date "2019.02.09"]
[Round "3"]
[White "Hogg, Stephen William"]
[Black "Volland, Ben"]
[Result "1/2-1/2"]
[WhiteElo "2009"]
[BlackElo "1795"]
[PlyCount "92"]
[EventDate "2019.02.08"]

1. d4 d5 2. c4 dxc4 3. e4 e5 4. Nf3 exd4 5. Bxc4 Nc6 6. O-O Be6 7. Bxe6 fxe6 8.
Qb3 Qd7 9. Qxb7 Rb8 10. Qa6 Nf6 11. Nbd2 Bb4 12. e5 Rb6 13. Qd3 Bxd2 14. exf6
Bxc1 15. fxg7 Qxg7 16. Raxc1 O-O 17. Rc5 Kh8 18. Rfc1 Nb4 19. Qe4 Nd5 20. Qxd4
Rxb2 21. Qxg7+ Kxg7 22. Ra5 Rfb8 23. h4 Rb1 24. Rxb1 Rxb1+ 25. Kh2 Rb2 26. Kg3
Rb7 27. Ng5 Rb6 28. Rxa7 h6 29. Ne4 Kg6 30. a4 Kf5 31. a5 Rb4 32. f3 Rb2 33. a6
Nf4 34. Nd6+ cxd6 35. Rf7+ Kg6 36. Rxf4 Ra2 37. Rg4+ Kf5 38. h5 Rxa6 39. Rg6 d5
40. Kf2 d4 41. Ke2 Ra2+ 42. Kd3 e5 43. g4+ Kf4 44. Rf6+ Kg3 45. Rf5 Ra3+ 46.
Ke2 Ra2+ 1/2-1/2

[Event "Perth Open 2019"]
[Site "Perth SCO"]
[Date "2019.02.09"]
[Round "3"]
[White "Rutherford, William"]
[Black "Turner, Max N"]
[Result "0-1"]
[WhiteElo "1961"]
[BlackElo "1996"]
[PlyCount "88"]
[EventDate "2019.02.08"]

1. d4 d5 2. Bf4 Nf6 3. e3 c5 4. c3 Nc6 5. Nd2 e6 6. Bd3 Bd6 7. Bxd6 Qxd6 8. f4
Bd7 9. Qf3 O-O-O 10. Ne2 Ne7 11. O-O Bc6 12. a4 h5 13. dxc5 Qxc5 14. b4 Qd6 15.
b5 Bd7 16. Nd4 e5 17. fxe5 Qxe5 18. Qf4 Ng4 19. h3 g5 20. Qxe5 Nxe5 21. Nf5
Nxf5 22. Bxf5 Rhe8 23. Bxd7+ Nxd7 24. Rxf7 Rxe3 25. Rg7 g4 26. hxg4 hxg4 27.
Rxg4 Rxc3 28. Nf3 Nc5 29. Ne5 d4 30. a5 d3 31. b6 a6 32. Rc4 Rxc4 33. Nxc4 d2
34. Rd1 Rd4 35. Ne5 Ne4 36. Nf3 Rd5 37. g4 Kd8 38. Kg2 Rxa5 39. Nxd2 Rd5 40.
Nxe4 Rxd1 41. g5 Rb1 42. Kf3 Rxb6 43. Kf4 Rb4 44. Ke5 Rxe4+ 0-1

[Event "Perth Open 2019"]
[Site "Perth SCO"]
[Date "2019.02.09"]
[Round "3"]
[White "McQuillan, Stephen G"]
[Black "Ridge, Benjamin"]
[Result "1-0"]
[WhiteElo "1984"]
[BlackElo "1689"]
[PlyCount "111"]
[EventDate "2019.02.08"]

1. d4 e6 2. e4 d5 3. Nd2 c5 4. Ngf3 cxd4 5. exd5 Qxd5 6. Bc4 Qd8 7. O-O Bd6 8.
Ne4 Be7 9. Qxd4 Qxd4 10. Nxd4 Bd7 11. Bf4 Nf6 12. Nxf6+ Bxf6 13. Nb5 Bxb5 14.
Bxb5+ Nc6 15. Bd6 O-O-O 16. Rfd1 Nd4 17. Rxd4 Bxd4 18. Be7 Rd5 19. c4 Re5 20.
Rd1 f6 21. Kf1 Bc5 22. Bd7+ Kc7 23. f4 Rf5 24. Bxc5 Rxc5 25. Bxe6 Rd8 26. Rxd8
Kxd8 27. b4 Rc7 28. Ke2 Ke7 29. f5 b6 30. Kd3 Kd6 31. Kd4 a5 32. a3 g5 33. h3
h5 34. Ke4 axb4 35. axb4 Ra7 36. Kd4 Ra4 37. Kc3 Ra7 38. Kd4 Ra4 39. Kc3 Ra2
40. c5+ bxc5 41. bxc5+ Kxc5 42. Bxa2 Kd6 43. Kd4 h4 44. Be6 Ke7 45. Kd5 Ke8 46.
Kd6 Kf8 47. Kd7 Kg7 48. Ke7 g4 49. hxg4 h3 50. gxh3 Kh8 51. Kf7 Kh7 52. Kxf6
Kh8 53. g5 Kh7 54. g6+ Kh6 55. g7 Kh5 56. g8=Q 1-0

[Event "Perth Open 2019"]
[Site "Perth SCO"]
[Date "2019.02.09"]
[Round "3"]
[White "Parks, Joseph"]
[Black "Gray, Euan"]
[Result "0-1"]
[WhiteElo "1882"]
[BlackElo "2013"]
[PlyCount "81"]
[EventDate "2019.02.08"]

1. d4 Nf6 2. Nf3 e6 3. g3 c5 4. Bg2 Nc6 5. c4 cxd4 6. Nxd4 Bc5 7. Nxc6 bxc6 8.
O-O O-O 9. e4 e5 10. Nd2 Qe7 11. Nb3 Bb6 12. Bd2 Ba6 13. Rc1 d5 14. exd5 cxd5
15. Re1 Bxc4 16. Bc3 e4 17. a3 Rfe8 18. Nd4 Qd7 19. h3 Bc7 20. Qd2 h6 21. Ne2
Be5 22. Bxe5 Rxe5 23. Nc3 Bd3 24. Na2 Rd8 25. Nb4 Bb5 26. Qd4 Ree8 27. Rc5 a5
28. Na2 Rb8 29. Rd1 Ba4 30. Rd2 Bb3 31. Nc3 Qd8 32. Na4 Nd7 33. Rc3 Qe7 34. Nc5
Nxc5 35. Rxc5 a4 36. Bf1 Qd7 37. Kh2 Rec8 38. Ba6 Rxc5 39. Qxc5 Qd8 40. Be2 Qb6
41. Qe7 0-1

[Event "Perth Open 2019"]
[Site "Perth SCO"]
[Date "2019.02.09"]
[Round "3"]
[White "Babin, Andre"]
[Black "Robertson, David A"]
[Result "1-0"]
[WhiteElo "1844"]
[BlackElo "1960"]
[PlyCount "81"]
[EventDate "2019.02.08"]

1. e4 e6 2. d4 d5 3. Nc3 Nf6 4. Bg5 Be7 5. e5 Nfd7 6. h4 a6 7. Qg4 f5 8. Qh5+
g6 9. Bxe7 Qxe7 10. Qh6 c5 11. Nf3 cxd4 12. Nxd4 Nxe5 13. O-O-O Ng4 14. Qd2 Nc6
15. Re1 Nf6 16. h5 gxh5 17. Nxf5 Qb4 18. Rh4 Qc5 19. Ng7+ Kd7 20. Nxe6 Qd6 21.
Qg5 Re8 22. Qxf6 Rxe6 23. Qf7+ Qe7 24. Qxe7+ Nxe7 25. Rxe6 Kxe6 26. Rxh5 Bd7
27. g3 Bc6 28. Bd3 Rf8 29. Rh6+ Kd7 30. f4 Rg8 31. Rh3 h5 32. Ne2 d4 33. Rxh5
Bf3 34. Rg5 Rf8 35. Nxd4 Bd5 36. f5 Kd6 37. Ne6 Rh8 38. Nf4 Bf3 39. f6 Rh1+ 40.
Kd2 Rh2+ 41. Ke3 1-0

[Event "Perth Open 2019"]
[Site "Perth SCO"]
[Date "2019.02.09"]
[Round "3"]
[White "Carter, Richard"]
[Black "Campbell, Duncan A F"]
[Result "1/2-1/2"]
[WhiteElo "1829"]
[BlackElo "1924"]
[PlyCount "41"]
[EventDate "2019.02.08"]

1. d4 e6 2. Nf3 f5 3. e3 Nf6 4. Be2 b6 5. O-O Bb7 6. c4 Be7 7. b3 O-O 8. Bb2 d5
9. Ne5 Nbd7 10. Nd3 g5 11. Nd2 Ne4 12. Nxe4 dxe4 13. Ne5 Nxe5 14. dxe5 Qxd1 15.
Raxd1 Rad8 16. g3 Rxd1 17. Rxd1 Rd8 18. Rxd8+ Bxd8 19. Kf1 Be7 20. Bd4 g4 21.
Ke1 1/2-1/2

[Event "Perth Open 2019"]
[Site "Perth SCO"]
[Date "2019.02.09"]
[Round "3"]
[White "Colston, Rob"]
[Black "Kane, Robert"]
[Result "1-0"]
[WhiteElo "1915"]
[BlackElo "1864"]
[PlyCount "57"]
[EventDate "2019.02.08"]

1. e4 c5 2. d4 cxd4 3. c3 d3 4. c4 Nf6 5. Nc3 d6 6. Bxd3 g6 7. Nf3 Nc6 8. h3
Bg7 9. O-O O-O 10. Qe2 Nd7 11. Be3 b6 12. Rac1 Nc5 13. Bb1 Ba6 14. Rfd1 Rc8 15.
b3 Bb7 16. Nd5 e6 17. Nc3 Qe7 18. Bf4 Ne5 19. Nh2 Bc6 20. Be3 g5 21. Qd2 h6 22.
Qxd6 Qf6 23. Qd2 Rfd8 24. Qe2 Rxd1+ 25. Rxd1 Nxc4 26. Bd4 Ne5 27. Ng4 Qf4 28.
Bxe5 Bxe5 29. g3 1-0

[Event "Perth Open 2019"]
[Site "Perth SCO"]
[Date "2019.02.09"]
[Round "3"]
[White "Macnaughton, Alistair"]
[Black "Jennings, Richard"]
[Result "1-0"]
[WhiteElo "1810"]
[BlackElo "1908"]
[PlyCount "71"]
[EventDate "2019.02.08"]

1. e4 d6 2. d4 Nf6 3. Nc3 e5 4. dxe5 dxe5 5. Qxd8+ Kxd8 6. Bc4 Ke8 7. Nf3 Bd6
8. Bg5 Nbd7 9. O-O-O a6 10. Rhe1 h6 11. Bh4 Kf8 12. Nd5 Ne8 13. Bg3 b5 14. Bb3
Bb7 15. Nxc7 Ke7 16. Nxa8 Bxa8 17. Bd5 Nc7 18. Bxf7 Bb4 19. c3 Ba5 20. Bd5 b4
21. Bxa8 Rxa8 22. Nxe5 Nxe5 23. Bxe5 Nb5 24. cxb4 Bxb4 25. Re2 g5 26. Rc2 Ke6
27. Bg3 Be7 28. Rc6+ Kf7 29. a4 Na7 30. Rc7 Ke6 31. Kb1 a5 32. f3 Bf8 33. Bf2
Nc8 34. Rd8 Nb6 35. Rxa8 Nxa8 36. Rc8 1-0

[Event "Perth Open 2019"]
[Site "Perth SCO"]
[Date "2019.02.09"]
[Round "3"]
[White "James, Chris"]
[Black "Walkowiak, Adam"]
[Result "1-0"]
[WhiteElo "1891"]
[BlackElo "1721"]
[PlyCount "117"]
[EventDate "2019.02.08"]

1. e4 c5 2. Nf3 e6 3. g3 Nc6 4. Bg2 e5 5. O-O Nf6 6. d3 Be7 7. Re1 d6 8. Nbd2
Be6 9. Nf1 b5 10. Ne3 b4 11. Kh1 Qd7 12. Ng5 Ng4 13. Nxg4 Bxg4 14. f3 Bxg5 15.
Bxg5 Bh3 16. a3 Bxg2+ 17. Kxg2 O-O 18. axb4 Nxb4 19. c3 Nc6 20. Ra6 Qb7 21. Ra2
a5 22. f4 f6 23. Bh4 Qf7 24. Ra4 g5 25. fxg5 fxg5 26. Bxg5 Qf2+ 27. Kh3 Rab8
28. Ra2 Qf7 29. Qg4 Kh8 30. Raa1 h5 31. Qe2 Qe6+ 32. Kg2 Qg4 33. Qxg4 hxg4 34.
Re2 Kg7 35. h4 gxh3+ 36. Kxh3 Rf3 37. Rd2 Kg6 38. Kg4 Rbf8 39. Bf4 exf4 40.
Kxf3 fxg3+ 41. Kxg3 Kg5 42. Rf2 Rb8 43. Raf1 Ne5 44. d4 cxd4 45. cxd4 Nd3 46.
Rf5+ Kg6 47. Rf6+ Kg7 48. Rxd6 Rxb2 49. Ra6 Rb4 50. Kf3 a4 51. Ra1 Nb2 52. d5
Kf7 53. Kf4 Nd3+ 54. Kf5 Nc5 55. Ra7+ Ke8 56. Rh1 Nb7 57. Rh8+ Kd7 58. Rh7+ Kc8
59. Ra8# 1-0

[Event "Perth Open 2019"]
[Site "Perth SCO"]
[Date "2019.02.09"]
[Round "3"]
[White "Sanger, Jake M"]
[Black "Chadha, Sambhav"]
[Result "1/2-1/2"]
[WhiteElo "1888"]
[BlackElo "1635"]
[PlyCount "64"]
[EventDate "2019.02.08"]

1. d4 Nf6 2. Nf3 g6 3. Bf4 Bg7 4. e3 O-O 5. Nbd2 d6 6. c3 c5 7. Bd3 Nc6 8. O-O
cxd4 9. exd4 Re8 10. Bg3 e5 11. dxe5 dxe5 12. Bb5 Nh5 13. Bxc6 bxc6 14. Re1
Nxg3 15. hxg3 Bg4 16. Qa4 Bxf3 17. Nxf3 Qb6 18. Qc2 Rab8 19. Rab1 Qa5 20. b4
Qc7 21. Nd2 a6 22. c4 Bh6 23. Ne4 Bg7 24. c5 Red8 25. Nd6 Bf8 26. Nc4 f6 27.
Qb3 Kg7 28. a3 Rd4 29. Red1 Rbd8 30. Rxd4 Rxd4 31. Rd1 Qd8 32. Rxd4 Qxd4
1/2-1/2

[Event "Perth Open 2019"]
[Site "Perth SCO"]
[Date "2019.02.09"]
[Round "3"]
[White "Wynarczyk, Raymond"]
[Black "Dawson, Alastair"]
[Result "1/2-1/2"]
[WhiteElo "1904"]
[BlackElo "1792"]
[PlyCount "77"]
[EventDate "2019.02.08"]

1. e4 c6 2. d4 d5 3. Nc3 dxe4 4. Nxe4 Nd7 5. Bc4 Ngf6 6. Nxf6+ Nxf6 7. Nf3 g6
8. Ne5 Nd5 9. Qf3 Be6 10. O-O Bg7 11. Qb3 Qb6 12. Be3 Qxb3 13. Bxb3 a5 14. Bxd5
cxd5 15. Nd3 Bd7 16. Nf4 e6 17. b3 Bb5 18. Rfe1 O-O 19. a4 Ba6 20. Rac1 Rfc8
21. c3 Bf8 22. Bd2 Ba3 23. Rc2 b6 24. Ra2 Bd6 25. Ne2 Rc7 26. h4 h5 27. g3 Rac8
28. Kg2 Kg7 29. Ng1 Re8 30. f4 f6 31. Nf3 Bd3 32. Re3 Bb1 33. Rb2 Be4 34. Be1
Rb8 35. Kf2 Kf7 36. Nd2 Bf5 37. c4 Bb4 38. cxd5 exd5 39. Nf3 1/2-1/2

[Event "Perth Open 2019"]
[Site "Perth SCO"]
[Date "2019.02.09"]
[Round "3"]
[White "Ridge, Michael"]
[Black "Paul, Rabindra"]
[Result "0-1"]
[WhiteElo "1886"]
[BlackElo "1841"]
[PlyCount "102"]
[EventDate "2019.02.08"]

1. c4 e5 2. Nc3 Nf6 3. Nf3 d6 4. d4 Nbd7 5. e4 g6 6. Be2 Bg7 7. O-O O-O 8. Re1
exd4 9. Nxd4 Re8 10. f3 c6 11. Nc2 Qe7 12. Kh1 Ne5 13. Bg5 h6 14. Bh4 Nxe4 15.
Bxe7 Nf2+ 16. Kg1 Nxd1 17. Raxd1 Rxe7 18. Rxd6 Be6 19. f4 Nd7 20. Bf1 Rae8 21.
Nd4 Nb6 22. Nxe6 Bxc3 23. bxc3 Rxe6 24. Rexe6 Rxe6 25. Rd8+ Kg7 26. c5 Na4 27.
Bc4 Re7 28. Ra8 a6 29. Bxa6 bxa6 30. Rxa6 Nxc5 31. Rxc6 Nd3 32. h3 Ra7 33. Rd6
Nxf4 34. Rd2 Rc7 35. Rc2 Rxc3 36. Rxc3 Ne2+ 37. Kf2 Nxc3 38. a3 Kf6 39. g4 Ke5
40. Kf3 Nd5 41. a4 f5 42. gxf5 gxf5 43. a5 Nb4 44. Ke3 f4+ 45. Kf3 Kf5 46. h4
h5 47. Kf2 Ke4 48. Ke2 f3+ 49. Kf1 Ke3 50. Ke1 f2+ 51. Kf1 Na6 0-1

[Event "Perth Open 2019"]
[Site "Perth SCO"]
[Date "2019.02.09"]
[Round "3"]
[White "Will, Douglas"]
[Black "Dawson, Euan"]
[Result "1/2-1/2"]
[WhiteElo "1886"]
[BlackElo "1762"]
[PlyCount "54"]
[EventDate "2019.02.08"]

1. e4 c5 2. Nc3 g6 3. f4 Bg7 4. Nf3 e6 5. Be2 Nc6 6. O-O Nge7 7. Qe1 Nd4 8. Bd1
O-O 9. d3 d5 10. Kh1 Rb8 11. Ne2 b5 12. c3 Nxe2 13. Bxe2 b4 14. e5 d4 15. Ng5
bxc3 16. bxc3 dxc3 17. Qxc3 f6 18. Ne4 fxe5 19. fxe5 Nd5 20. Qxc5 Rxf1+ 21.
Bxf1 Bxe5 22. Bg5 Qb6 23. Qxb6 Rxb6 24. Rc1 Bb7 25. Nc5 Bf6 26. Bxf6 Nxf6 27.
Nxb7 Rxb7 1/2-1/2

[Event "Perth Open 2019"]
[Site "Perth SCO"]
[Date "2019.02.09"]
[Round "3"]
[White "Lawson, Robert"]
[Black "Jelfs, Alan"]
[Result "0-1"]
[WhiteElo "1841"]
[BlackElo "1852"]
[PlyCount "74"]
[EventDate "2019.02.08"]

1. d4 f5 2. g3 Nf6 3. Bg2 g6 4. Nh3 Bg7 5. O-O O-O 6. c4 d6 7. Nc3 c6 8. Bg5 h6
9. Bxf6 Bxf6 10. e4 e5 11. dxe5 dxe5 12. Qxd8 Rxd8 13. Rad1 Be6 14. Rxd8+ Bxd8
15. exf5 gxf5 16. Re1 Nd7 17. b3 Kf7 18. Rd1 Nf6 19. Bf1 Be7 20. Kg2 Rg8 21. f3
Bb4 22. Ne2 Bc5 23. Nf2 e4 24. fxe4 fxe4 25. Nf4 Bf5 26. Be2 Ke7 27. Kf1 Bd6
28. N2h3 h5 29. Kg2 h4 30. Rf1 Ng4 31. Bxg4 Bxg4 32. Re1 Bf3+ 33. Kf1 hxg3 34.
hxg3 Rxg3 35. b4 Rg4 36. Nd3 Bg2+ 37. Kf2 Bxh3 0-1

[Event "Perth Open 2019"]
[Site "Perth SCO"]
[Date "2019.02.09"]
[Round "3"]
[White "McPheator, Gary"]
[Black "Pasha, Tariq"]
[Result "0-1"]
[WhiteElo "1765"]
[BlackElo "1861"]
[PlyCount "122"]
[EventDate "2019.02.08"]

1. e4 c5 2. Nc3 a6 3. g3 b5 4. Bg2 Bb7 5. d3 e6 6. f4 Ne7 7. Be3 Qc7 8. Nf3 d5
9. exd5 Nxd5 10. Nxd5 Bxd5 11. O-O Bd6 12. b3 b4 13. d4 O-O 14. c4 bxc3 15. Rc1
cxd4 16. Bxd4 Nc6 17. Rxc3 Qa5 18. Qc2 Bxf3 19. Rxc6 Bxc6 20. Qxc6 Qb4 21. Rd1
Rac8 22. Qxa6 Bc5 23. Bxc5 Qxc5+ 24. Kf1 Qc2 25. Qe2 Qc5 26. Be4 Qb4 27. Bd3
Ra8 28. Bc4 Ra3 29. Bd3 Ra5 30. Bc4 Ra3 31. Bd3 Qc3 32. Bb1 g6 33. Rd3 Qc6 34.
Kg1 Qc1+ 35. Rd1 Qc5+ 36. Kf1 Qc7 37. Qb2 Ra5 38. Be4 Rc8 39. Qe2 Rc5 40. Bd3
Rc1 41. Bc4 Rxd1+ 42. Qxd1 Rd8 43. Qc2 Qc6 44. Kg1 Qf3 45. Be2 Qe3+ 46. Kf1 Rd2
47. Qc8+ Kg7 48. Qa6 Qe4 49. Ke1 Rb2 50. Kf2 Qd4+ 51. Kf1 Qe4 52. Kf2 Qd4+ 53.
Kf1 h5 54. h4 Rb1+ 55. Kg2 Rg1+ 56. Kf3 Qd5+ 57. Ke3 Rxg3+ 58. Kf2 Qg2+ 59. Ke1
Qg1+ 60. Kd2 Qd4+ 61. Kc2 Rc3+ 0-1

[Event "Perth Open 2019"]
[Site "Perth SCO"]
[Date "2019.02.10"]
[Round "4"]
[White "Olson, Hamish"]
[Black "Orr, Mark J L"]
[Result "1-0"]
[WhiteElo "2284"]
[BlackElo "2084"]
[PlyCount "87"]
[EventDate "2019.02.08"]

1. d4 Nf6 2. Nf3 d5 3. c4 e6 4. cxd5 exd5 5. Nc3 c6 6. Bg5 Be7 7. e3 Bf5 8. Bd3
Bxd3 9. Bxf6 Bxf6 10. Qxd3 Be7 11. O-O O-O 12. Ne2 a5 13. Qb3 a4 14. Qc2 Nd7
15. b4 axb3 16. Qxb3 Ra7 17. a4 Qa5 18. Rab1 Bd6 19. Nc3 Re8 20. Nd2 Nf6 21. g3
h5 22. Rfe1 Re7 23. e4 Nxe4 24. Ndxe4 dxe4 25. Nxe4 Re6 26. Nc3 Rxe1+ 27. Rxe1
Qd8 28. d5 Bf8 29. dxc6 bxc6 30. Qc4 c5 31. Rd1 Qb8 32. Rd5 g6 33. Qd3 Ra8 34.
Rd7 Qe5 35. Qf3 Qe6 36. Rxf7 Qxf7 37. Qxa8 Kh7 38. Ne4 Qe7 39. Qd5 Bg7 40. Ng5+
Kh6 41. h4 Bd4 42. Qf7 Qxf7 43. Nxf7+ Kg7 44. Nd6 1-0

[Event "Perth Open 2019"]
[Site "Perth SCO"]
[Date "2019.02.10"]
[Round "4"]
[White "Xian, Junhao"]
[Black "Turner, Max N"]
[Result "1-0"]
[WhiteElo "1970"]
[BlackElo "1996"]
[PlyCount "65"]
[EventDate "2019.02.08"]

1. d4 d5 2. c4 e6 3. Nc3 Nf6 4. Bg5 Be7 5. e3 O-O 6. cxd5 exd5 7. Bd3 c6 8. Nf3
Nbd7 9. O-O Re8 10. Qc2 Nf8 11. h3 Ng6 12. Bxf6 Bxf6 13. b4 Qd6 14. b5 c5 15.
dxc5 Qxc5 16. Rac1 Be6 17. Ne2 Qxc2 18. Bxc2 d4 19. Nexd4 Bxa2 20. Bd3 Ne5 21.
Be4 Nxf3+ 22. Bxf3 Bxd4 23. exd4 Rad8 24. Rc7 a6 25. b6 Rxd4 26. Bxb7 Rb4 27.
Bc6 Rb8 28. b7 Be6 29. Re1 Rf8 30. Rc1 g6 31. Bf3 a5 32. Rc8 Rxc8 33. Rxc8+ 1-0

[Event "Perth Open 2019"]
[Site "Perth SCO"]
[Date "2019.02.10"]
[Round "4"]
[White "James, Chris"]
[Black "Magnussen, Helge"]
[Result "0-1"]
[WhiteElo "1891"]
[BlackElo "2045"]
[PlyCount "52"]
[EventDate "2019.02.08"]

1. e4 e6 2. d4 d5 3. Nd2 Nc6 4. Ngf3 Nf6 5. e5 Nd7 6. Bb5 f6 7. exf6 Qxf6 8.
Nf1 Bd6 9. Bg5 Qf7 10. Ne3 O-O 11. Qe2 e5 12. Nxd5 e4 13. Nxc7 exf3 14. Bc4
fxe2 15. Bxf7+ Rxf7 16. Nxa8 Nxd4 17. Rc1 Ne5 18. Be3 Nf5 19. Bxa7 b5 20. Be3
Bb7 21. Nb6 Bxg2 22. Kxe2 Nxe3 23. fxe3 Bf3+ 24. Kd2 Bc5 25. Rhg1 Bxb6 26. Rg5
Nc4+ 0-1

[Event "Perth Open 2019"]
[Site "Perth SCO"]
[Date "2019.02.10"]
[Round "4"]
[White "Gray, Euan"]
[Black "Colston, Rob"]
[Result "1-0"]
[WhiteElo "2013"]
[BlackElo "1915"]
[PlyCount "117"]
[EventDate "2019.02.08"]

1. d4 Nf6 2. c4 e6 3. Nc3 d5 4. cxd5 exd5 5. Bg5 Be7 6. e3 O-O 7. Bd3 c6 8. Qc2
h6 9. Bh4 Re8 10. Nge2 Nbd7 11. O-O Ne4 12. Bxe7 Qxe7 13. Nxe4 dxe4 14. Bc4 Nf6
15. Nf4 Bf5 16. Rac1 Rac8 17. a3 Red8 18. b4 h5 19. Bb3 h4 20. Qc5 Qxc5 21.
Rxc5 g6 22. h3 Kg7 23. Rfc1 Nd7 24. R5c2 Nf8 25. a4 Kf6 26. Rc5 a6 27. Kh2 Nd7
28. R5c2 Nf8 29. Ne2 Ke7 30. Nc3 Nh7 31. b5 axb5 32. axb5 Nf6 33. bxc6 Rxc6 34.
Na4 Rdc8 35. Rxc6 Rxc6 36. Rxc6 bxc6 37. Nc5 Nd7 38. Nxd7 Bxd7 39. g3 hxg3+ 40.
Kxg3 f5 41. Kf4 Kf6 42. h4 Be8 43. Bd1 Bf7 44. Be2 Be6 45. Ba6 Bd7 46. Bb7 Ke6
47. Kg5 Kf7 48. Ba6 Be6 49. Be2 Kg7 50. Bd1 Bf7 51. Ba4 Bd5 52. h5 gxh5 53.
Kxf5 Kh6 54. Bc2 h4 55. Kg4 h3 56. Kxh3 Kh5 57. Kg3 Kg5 58. Bb1 Kf5 59. f3 1-0

[Event "Perth Open 2019"]
[Site "Perth SCO"]
[Date "2019.02.10"]
[Round "4"]
[White "Babin, Andre"]
[Black "Hogg, Stephen William"]
[Result "0-1"]
[WhiteElo "1844"]
[BlackElo "2009"]
[PlyCount "122"]
[EventDate "2019.02.08"]

1. Nf3 Nf6 2. d4 b6 3. c4 e6 4. a3 c5 5. d5 exd5 6. cxd5 d6 7. Nc3 g6 8. e4 Bg7
9. Bb5+ Nbd7 10. O-O O-O 11. Bg5 Re8 12. Nd2 Qc7 13. Qc2 a6 14. Bc6 Bb7 15.
Bxb7 Qxb7 16. Nc4 Bf8 17. Bf4 b5 18. Nxd6 Bxd6 19. Bxd6 b4 20. axb4 cxb4 21.
Qb3 a5 22. Rae1 Qa6 23. e5 bxc3 24. bxc3 Ng4 25. Qa4 Ndxe5 26. Bc5 Qc4 27. Qxc4
Nxc4 28. Rd1 Nge5 29. Bd4 Rad8 30. h3 Rxd5 31. f4 Nc6 32. Bf6 Rf5 33. Bd4 Ne3
34. Rfe1 Nxd4 35. Rxd4 Kf8 36. Ra4 Rc5 37. g4 Nc4 38. Rxe8+ Kxe8 39. Kf2 Ke7
40. Kf3 Kd6 41. Ke4 Kc6 42. Kd4 Kb5 43. Ra1 Nd2 44. Rxa5+ Kxa5 45. Kxc5 Ne4+
46. Kd4 Nf2 47. f5 gxf5 48. gxf5 Nxh3 49. Kd5 h5 50. c4 h4 51. c5 Nf4+ 52. Kd6
h3 53. c6 Nd5 54. Kxd5 h2 55. Kd6 h1=Q 56. Ke7 Qxc6 57. Kxf7 Qd7+ 58. Kg6 Qe8+
59. Kg7 Qe7+ 60. Kg6 Ka4 61. f6 Qf8 0-1

[Event "Perth Open 2019"]
[Site "Perth SCO"]
[Date "2019.02.10"]
[Round "4"]
[White "Volland, Ben"]
[Black "McQuillan, Stephen G"]
[Result "1-0"]
[WhiteElo "1795"]
[BlackElo "1984"]
[PlyCount "119"]
[EventDate "2019.02.08"]

1. g3 e5 2. Bg2 Nc6 3. c4 g6 4. Nc3 Bg7 5. d3 Nge7 6. e4 Nd4 7. Nge2 Nec6 8.
Be3 d6 9. Bxd4 Nxd4 10. Nxd4 exd4 11. Nd5 c6 12. Nf4 Qa5+ 13. Qd2 Qxd2+ 14.
Kxd2 Bd7 15. Bh3 Bh6 16. Bxd7+ Kxd7 17. Kc2 Bxf4 18. gxf4 f5 19. e5 Rae8 20.
Rae1 Re6 21. exd6 Rxd6 22. Re5 Re8 23. Rhe1 Rde6 24. b4 g5 25. Rxe6 Rxe6 26.
Rxe6 Kxe6 27. fxg5 f4 28. Kd2 f3 29. a4 Kf5 30. Ke1 Kxg5 31. Kf1 Kg4 32. Kg1 a5
33. bxa5 Kf5 34. h3 h5 35. h4 Kg4 36. Kh1 Kxh4 37. Kh2 Kg4 38. Kg1 Kh3 39. Kh1
h4 40. Kg1 Kg4 41. Kh2 Kf4 42. Kh3 Kg5 43. Kh2 Kg4 44. Kg1 Kf4 45. Kh2 Ke5 46.
Kh3 Kd6 47. Kxh4 Kc5 48. Kg3 Kb4 49. Kxf3 Kxa5 50. Ke4 Kxa4 51. c5 Ka5 52. Kxd4
b5 53. cxb6 Kxb6 54. f4 Kc7 55. Kc5 Kd7 56. d4 Kc7 57. f5 Kd7 58. f6 Ke6 59.
Kxc6 Kxf6 60. Kd7 1-0